LEADER 01252nam--2200361---450- 001 990001166130203316 005 20090619123146.0 010 $a88-14-10035-7 035 $a000116613 035 $aUSA01000116613 035 $a(ALEPH)000116613USA01 035 $a000116613 100 $a20030717d2003----km-y0enga50------ba 101 0 $aita 102 $aIT 105 $ay|||z|||001yy 200 1 $a<> sistema integrato dei servizi sociali$ecommento alla legge n. 328 del 2000 e ai provvedimenti attuativi dopo la riforma del Titolo 5. della Costituzione$eaggiornato al 31 ottobre 2002$fa cura di Enzo Balboni ...[et al.] 210 $aMilano$cGiuffrè$d2003 215 $aXVIII, 564 p.$d24 cm. 606 0 $aServizi sociali$xLegislazione 676 $a344.45 702 1$aBALBONI,$bEnzo 801 0$aIT$bsalbc$gISBD 912 $a990001166130203316 951 $aXXIV.3.Q 233 (IG XVI 404)$b36404 G.$cXXIV.3.Q 233 (IG XVI)$d00086041 959 $aBK 969 $aGIU 979 $aMARIA$b10$c20030717$lUSA01$h1216 979 $aRENATO$b90$c20031111$lUSA01$h1713 979 $aPATRY$b90$c20040406$lUSA01$h1722 979 $aRSIAV2$b90$c20090619$lUSA01$h1231 996 $aSistema integrato dei servizi sociali$9167539 997 $aUNISA LEADER 00975cam0-2200313 --450 001 9911002795003321 005 20250528105746.0 010 $a978-88-328-5534-0 020 $aIT$b2024-1522 100 $a20250528d2023----kmuy0itay5050 ba 101 1 $aita$ceng 102 $aIT 105 $ay 001yy 200 1 $aChe cosa significa essere liberale$fMichael Walzer 210 $aMilano$cRaffaello Cortina$d2023 215 $a181 p.$d23 cm 225 1 $aScienza e idee$v354 300 $aTraduzione di Corrado Del Bò e Eleonora Marchiafava 454 0$12001$a<>struggle for a decent politics$eon "liberal" as an adjective$94382634 610 0 $aLiberalismo 676 $a320.513$v23$zita 700 1$aWalzer,$bMichael$0128376 801 0$aIT$bUNINA$gREICAT$2UNIMARC 901 $aBK 912 $a9911002795003321 952 $aCOLLEZ. 1396 (354)$b1497/2025$fFSPBC 959 $aFSPBC 996 $aStruggle for a decent politics$94382634 997 $aUNINA